| 000 | 00824cam a2200301 i 4500 | ||
|---|---|---|---|
| 001 | 200463119 | ||
| 003 | TR-AnTOB | ||
| 005 | 20241115091558.0 | ||
| 007 | ta | ||
| 008 | 150227t20192019tu 000 0dtur d | ||
| 020 | _a9786051910987 | ||
| 040 |
_aTR-AnTOB _beng _erda _cTR-AnTOB |
||
| 041 | 0 | _atur | |
| 050 | 4 |
_aJC585 _b.M555 2019 |
|
| 090 |
_aJC585 _b.M555 2019 |
||
| 100 | 1 |
_aMill, John Stuart, _d1806-1873 _eauthor _9104481 |
|
| 245 | 1 | 0 |
_aOn liberty / _cauthor: John Stuart Mill |
| 250 | _aFirsth edition | ||
| 264 | 1 |
_aAnkara : _bAlter Yayıncılık, _c2019. |
|
| 264 | 4 | _c©2019 | |
| 300 |
_a144 pages ; _c19 cm |
||
| 336 |
_atext _btxt _2rdacontent |
||
| 337 |
_aunmediated _bn _2rdamedia |
||
| 338 |
_avolume _bnc _2rdacarrier |
||
| 650 | 0 |
_aLiberty _971585 |
|
| 942 |
_cBK _2lcc |
||
| 999 |
_c200463119 _d81331 |
||